01683cam a2200301 a 450000100100000000500170001000800410002702000150006804000230008308200190010610000370012524500640016226000380022630000210026449000170028549000390030250400320034150506310037365000310100465000320103570000440106770000310111183000590114291000340120104900090123595201220124499900150136600000763720200929154236.0841214s1984 ag b 001 0 spa  a9504300960 aDO-SdBNPcDLCdDLC aC864.44bC657u1 aCobo Borda, J. G.,d1948-91918410aUsos de la imaginación /cCobo Borda, De Ruschi, Herrera. aArgentina :bEl Imaginero,c1984. a164 p. ;c20 cm.1 aEl Imaginero1 aCuadernos de poesía y Crítica. aBibliografía: p. 161-163.0 aVueltas en redondo en Torno a G. García Márquez; Argentina Poesía / JG Cobo Borda - El ropaje y la musica: un ensayo sobre Jaime Sáenz / Maria Julia de Ruschi Crespo - La poesía de los limites y los limites de la poesía, lo negro, lo esteril, lo fragmentado: un ensayo sobre Alejandra Pizarnik; El culpable: un ensayo sobre César Vallejo, Muerte sin fin: un ensayo sobre José Gorostiza - El Petrificado y la nieve: un ensayo sobre Xavier Villaurrutia; En el gran patio del desasimiento: un ensayo sobre Ricardo E. Molinari; Hacia la utopía sangrante: un ensayo sobre Francisco Madariaga / Ricardo H. Herrera. 4aEnsayos colombianos914811 4aLiteratura colombiana912441 aRuschi Crespo, María Julia de.9211871 aHerrera, Ricardo H.921188 0aImaginero ;pcuadernos de poesía y Crítica.921189 aCatalogación por copia / LC aBNGR 001052708MOaGRbGRcCTd2009-09-09iLF1l0oC864.44 C657up7637-10r2020-06-25w2020-06-25y2ZPréstamo interno c7417d7417